Tri thức là sức mạnh: Tư vấn về kiến thức xã hội

Shranjeno v:
Bibliografske podrobnosti
Glavni avtor: Nguyễn Lân Dũng
Format: Knjiga
Jezik:Undetermined
Izdano: H. Thanh Niên 2003
Teme:
Oznake: Označite
Brez oznak, prvi označite!
Thư viện lưu trữ: Trung tâm Học liệu Trường Đại học Cần Thơ
LEADER 00575nam a2200193Ia 4500
001 CTU_54157
008 210402s9999 xx 000 0 und d
020 |b 26500 
082 |a 306.43 
082 |b D513 
100 |a Nguyễn Lân Dũng 
245 0 |a Tri thức là sức mạnh: Tư vấn về kiến thức xã hội 
245 0 |c Nguyễn Lân Dũng 
260 |a H. 
260 |b Thanh Niên 
260 |c 2003 
650 |a social skills,knowledge 
650 |x study and teaching 
980 |a Trung tâm Học liệu Trường Đại học Cần Thơ